000 01847nam a2200421 c 4500
001 58263
003 CO-BoRNBP
005 20250820214528.0
007 ta
008 210830s2020 ck a br6 000 |dspa d
020 _a9789585586154
040 _aCO-BoRNBP
_bspa
_erda
_cCO-BoRNBP
041 0 _aspa
043 _as-ck---
084 _aH
100 _aPantoja, Óscar,
_d1971-
_eaut
_951089
245 1 0 _aCazucá /
_cguión Óscar Pantoja ; ilustraciones Florencia Capella.
250 _aPrimera edición
_bSegunda edición
264 1 _aBogotá, Colombia :
_bRey Naranjo Editores,
_c2024
300 _a25 [3] páginas :
_bilustraciones a color
336 _atexto
_btxt
_2rdacontenido
337 _asin mediación
_bn
_2rdamedio
338 _avolumen
_bnc
_2rdasoporte
490 0 _aPNK
_aInfantil
520 _aEn los altos de una ciudad se reúnen la sed por vivir, los pasos andados y los anhelos del porvenir. Cazucá es un sitio donde nace la esperanza. También es una pequeña niña que comparte su alegría
521 _aRecomendado para un público infantil mayor de 6 años
545 _aIncluye datos biográficos del autor e ilustradora al final del texto
650 0 7 _aConservación del agua
_vtiras cómicas, historietas, etc
_2lemb
_962763
650 0 7 _aPoblación urbana
_xaspectos sociales
_vvideodiscos
_2lemb
_962764
650 0 4 _aTiras cómicas, historietas, etc. colombianas
_ysiglo xx
_2LEMB
_962765
650 0 7 _aVida en comunidad
_vtiras cómicas, historietas, etc
_2lemb
_962766
650 0 4 _aLiteratura infantil colombiana
_ysiglo xx
_2LEMB
_9364
651 0 _aCazucá, (Soacha, Cundinamarca, Colombia)
_vtiras cómicas, historietas, etc
_962767
655 _aVideodisco digital
_9324788
655 _aTiras cómicas, historietas, etc.
_9324780
700 _aCapella, Florencia
_eill
_962524
942 _2loc
_cBKLITI
999 _c58263
_d58263